Представление документа в формате MARC21

Поле Инд. ПП Название Значение
Тип записи a
Библиографический уровень b
001 Контрольный номер DU/602785532
005 Дата корректировки 20250318111711.8
008 Кодируемые данные 20190124
040 b Код языка каталог. rus
e Правила каталог. PSBO
041 0_ a Код языка текста rus
084 a Индекс другой классификации/Индекс ББК 88.573
100 1_ a Автор Кулакова С. В.
q Полное имя Кулакова Светлана Владимировна
100 1_ a Автор Новиков А. В.
q Полное имя Новиков Алексей Валерьевич
100 1_ a Автор Суслов Ю. Е.
q Полное имя Суслов Юрий Евгеньевич
245 10 a Заглавие Теоретические и практические аспекты деструктивного поведения осужденных, связанных с аутоагрессивными механизмами реализации
504 a Библиография Библиогр.: с. 115 - 116
520 a Аннотация В научном труде авторами описываются основные форма деструктивного поведения подозреваемых, обвиняемых и осужденных, содержащихся в учреждениях уголовно-исполнительной системы. Дается авторская трактовка таких терминов как: разрушительное, саморазрушительное поведение, аутоагрессия, членовредительство и самоповреждение в аспекте деструктивного и суицидального поведения данной категории лиц. Разделяются и определяются такие понятия деструктивного проявления на основе аутоагрессии, как, симулятивное поведение, в том числе, не связанное напрямую с нанесением самоповрежждения и демонстративно-шантажное поведение. Интерпретируются явные демонстративно-шантажные реакции у лиц, содержащихся в пенитенциарных учреждениях. Подробно описано суицидальное поведение подозреваемых обвиняемых и осужденных, причины, механизмы и реакциию Раскрывается динамика развития сиуцидального поведения, от возникновения первых суицидальных мыслей и переживаний до их реализации, разделенная авторами на два основных периода: пресуицид и собственно суицид и/или покушение на суицид. Описаны отличия предшествующей ситууации, динамике аффективного и истинного суицида
650 14 a Основная рубрика психология
a Основная рубрика юридическая психология
653 a Ключевые слова аутоагрессия
a Ключевые слова демонстративное поведение
a Ключевые слова деструктивное поведение
a Ключевые слова осужденные
a Ключевые слова самоповреждения
a Ключевые слова суицид (самоубийство)
a Ключевые слова суицидальное поведение
a Ключевые слова членовредительство
a Ключевые слова шантаж
773 08 t Заглавие источника Психология. Историко-критические обзоры и современные исследования
d Дата издания источника 2018
g Прочая информация Т. 7, № 1А. - С. 109 - 118
w Контрольный № источника DU/598461108
901 t Тип документа b